Cargando…

Re-Enchanting the World : Maya Protestantism in the Guatemalan Highlands /

Detalles Bibliográficos
Clasificación:Libro Electrónico
Autor principal: Samson, C. Mathews., 1960-
Formato: Electrónico eBook
Idioma:Inglés
Publicado: Tuscaloosa : University of Alabama Press, 2007.
Colección:Book collections on Project MUSE.
Temas:
Acceso en línea:Texto completo

MARC

LEADER 00000cam a22000004a 4500
001 musev2_2275
003 MdBmJHUP
005 20230905040312.0
006 m o d
007 cr||||||||nn|n
008 061109s2007 alu o 00 0 eng d
010 |z  2006037513 
020 |a 9780817381042 
020 |z 9780817315665 
020 |z 9780817354275 
035 |a (OCoLC)183318558 
040 |a MdBmJHUP  |c MdBmJHUP 
043 |a ncgt--- 
050 0 4 |a F1465.2.M3  |b S35 2007 
082 0 |a 299/.7842  |2 22 
100 1 |a Samson, C. Mathews.,  |d 1960- 
245 1 0 |a Re-Enchanting the World :   |b Maya Protestantism in the Guatemalan Highlands /   |c C. Mathews Samson. 
264 1 |a Tuscaloosa :  |b University of Alabama Press,  |c 2007. 
264 3 |a Baltimore, Md. :  |b Project MUSE,   |c 2012 
264 4 |c ©2007. 
300 |a 1 online resource (219 pages):   |b ill., maps ; 
336 |a text  |b txt  |2 rdacontent 
337 |a computer  |b c  |2 rdamedia 
338 |a online resource  |b cr  |2 rdacarrier 
504 |a Includes bibliographical references (p. [167]-188) and index. 
505 0 |a Prologue: Encountering religious change in Guatemala -- Re-enchanting the world : identity and religious change -- A humanistic approach to a post-conflict society -- The national context : war, peace accords, and the Maya movement -- Maya Protestantism in Guatemala -- Identity in word and place : the Mam presbytery -- An activist Protestantism : the Kaqchikel presbytery -- Conclusions: Contextualizing Maya Protestant practice. 
588 |a Description based on print version record. 
650 0 |a Presbyterian Church  |z Guatemala. 
650 0 |a Indian Presbyterians  |z Guatemala. 
650 0 |a Cakchikel Indians  |x Social conditions. 
650 0 |a Cakchikel Indians  |x Religion. 
650 0 |a Mam Indians  |x Social conditions. 
650 0 |a Mam Indians  |x Religion. 
651 0 |a Guatemala  |x Social life and customs. 
651 0 |a Guatemala  |x Religious life and customs. 
655 7 |a Electronic books.   |2 local 
710 2 |a Project Muse.  |e distributor 
830 0 |a Book collections on Project MUSE. 
856 4 0 |z Texto completo  |u https://projectmuse.uam.elogim.com/book/2275/ 
945 |a Project MUSE - Custom Collection 
945 |a Project MUSE - Archive Complete Foundation 
945 |a Project MUSE - Archive Global Cultural Studies Foundation 
945 |a Project MUSE - Archive Native American and Indigenous Studies Foundation